Гранулярность рентгеновских и фотографических изображений и ее математическое описание: Отчет о НИР

Bibliographische Detailangaben
Körperschaft: Томский политехнический институт (ТПИ) (595)
Weitere Verfasser: Ананьев Л. М. Лев Мартемьянович (руководитель), Москалева А. (исполнитель)
Sprache:Russisch
Veröffentlicht: Томск, 1969
Schlagworte:
Format: MixedMaterials Buch
KOHA link:https://koha.lib.tpu.ru/cgi-bin/koha/opac-detail.pl?biblionumber=182057

MARC

LEADER 00000nbm0a2200000 4500
001 182057
005 20231031171207.0
035 |a (RuTPU)RU\TPU\book\197339 
090 |a 182057 
100 |a 20100616d1969 k y0rusy50 ca 
101 0 |a rus 
102 |a RU 
105 |a a p 001zy 
200 1 |a Гранулярность рентгеновских и фотографических изображений и ее математическое описание  |e Отчет о НИР  |f Томский политехнический институт (ТПИ) ; руководитель Л. М. Ананьев ; А. Москалева 
210 |a Томск  |d 1969 
215 |a 22 л. 
320 |a Библиогр.: с. 22. 
610 1 |a отчеты о НИР 
610 1 |a гранулярность 
610 1 |a рентгеновские изображения 
610 1 |a фотографические изображения 
610 1 |a математическое описание 
610 1 |a флуктуационные шумы 
610 1 |a фотографические пленки 
675 |a 621.386  |v 3 
702 1 |a Ананьев  |b Л. М.  |c специалист в области электроники  |c доктор технических наук, профессор Томского политехнического университета  |f 1926-1998  |g Лев Мартемьянович  |2 stltpush  |3 (RuTPU)RU\TPU\pers\11866  |4 673 
702 1 |a Москалева  |b А.  |4 677 
712 0 2 |a Томский политехнический институт (ТПИ)  |c (1944-1991)  |2 stltpush  |3 (RuTPU)RU\TPU\col\1123  |4 595 
801 1 |a RU  |b 63413507  |c 20100616 
801 2 |a RU  |b 63413507  |c 20220215  |g RCR 
942 |c BK